LEADER 01069cam0-22003491i-450- 001 990005771030403321 005 20090112132510.0 035 $a000577103 035 $aFED01000577103 035 $a(Aleph)000577103FED01 035 $a000577103 100 $a19990604d1933----km-y0itay50------ba 101 0 $aita 102 $aIT 105 $aa-------000yy 200 1 $a<>Sviluppo edilizio di Torino dall'epoca romana ai giorni nostri$fPiero Gribaudi 210 $aTorino$cTipogr. Carlo Accame$d1933$gTip. Carlo Accame 215 $a30 p.$cill.$d32 cm 610 0 $aTorino$aStoria urbana 676 $a338.4769 700 1$aGribaudi,$bPiero$f<1874-1959>$0129327 801 0$aIT$bUNINA$gRICA$2UNIMARC 901 $aBK 912 $a990005771030403321 952 $aGLOTT. B VII c 71$bIST.GLOTT. S.I.$fFLFBC 952 $aBUSTA 12[2] 7$b3509$fFGBC 952 $aMisc.028-003$bIst. 5257$fILFGE 959 $aFGBC 959 $aFLFBC 959 $aILFGE 996 $aSviluppo edilizio di Torino dall'epoca romana ai giorni nostri$9569730 997 $aUNINA